Desequilibrio, inflación , desempleo (Registro nro. 4294)
[ vista simple ]
| 000 -LEADER | |
|---|---|
| fixed length control field | 01543 a2200229 4500 |
| 001 - CONTROL NUMBER | |
| control field | 47128 |
| 005 - DATE AND TIME OF LATEST TRANSACTION | |
| control field | 20260407155739.0 |
| 008 - FIXED-LENGTH DATA ELEMENTS--GENERAL INFORMATION | |
| fixed length control field | 260407a1979 arg spa d |
| 003 - CONTROL NUMBER IDENTIFIER | |
| control field | AR-UNSa-BCEJYS |
| 040 ## - CATALOGING SOURCE | |
| Original cataloging agency | AR-UNSa-BCEJYS |
| Language of cataloging | spa |
| Transcribing agency | AR-UNSa-BCEJYS |
| 080 ## - UNIVERSAL DECIMAL CLASSIFICATION NUMBER | |
| Universal Decimal Classification number | 331.5 |
| Common auxiliary subdivision | Mercado de Trabajo. Empleo |
| 020 ## - INTERNATIONAL STANDARD BOOK NUMBER | |
| International Standard Book Number | 84-316-1794-2 |
| 100 1# - MAIN ENTRY--PERSONAL NAME | |
| Personal name | Fernández de Castro, J.M. |
| 245 10 - TITLE STATEMENT | |
| Title | Desequilibrio, inflación , desempleo |
| 264 #1 - PRODUCTION, PUBLICATION, DISTRIBUTION, MANUFACTURE, AND COPYRIGHT NOTICE | |
| Place of production, publication, distribution, manufacture | Barcelona : |
| Name of producer, publisher, distributor, manufacturer | Vicens-Vives |
| Date of production, publication, distribution, manufacture, or copyright notice | 1979 |
| 300 ## - PHYSICAL DESCRIPTION | |
| Extent | 246 p. |
| Dimensions | 22 cm. |
| 505 ## - FORMATTED CONTENTS NOTE | |
| Formatted contents note | 1. Desequilibrio, inflación y desempleo: una visión introductoria / Eugenio Aguiló y Juan Fernández de Castro - 2. Un enfoque keynesiano de la teoría del empleo de Patinkin / P. Davidson - 3. El modelo de Patinkin como un modelo de desequilibrio de mercado / D. P. Tucker - 4. El desequilibrio de desempleo en Patinkin / Cross, J. G. y Williamson, J. - 5. Un modelo de desequilibrio general de la renta y del empleo / Barro, R. J. y Grossman, H. - 6. Costes de información, fijación del precio y desempleo de recursos / Armen A. Alchian - 7. Información, dinero, y la macroeconomía de la inflación / David Laidler - 8. La teoría del desequilibrio y los fundamentos microeconómicos de la macroeconomía / J. P. Benassy - 9. ¿Desempleo versus inflación? Una interpretación de la curva de Phillips / Milton Friedman. |
| 590 ## - LOCAL NOTE (RLIN) | |
| Local note | niveau_biblio:m niveau_hierar:0 |
| 700 1# - ADDED ENTRY--PERSONAL NAME | |
| Personal name | Aguiló, Eugeni |
| 856 41 - ELECTRONIC LOCATION AND ACCESS | |
| Uniform Resource Identifier | <a href="https://www.biblioeco.unsa.edu.ar/pmb/images/libros/L127399.jpg">https://www.biblioeco.unsa.edu.ar/pmb/images/libros/L127399.jpg</a> |
| Link text | Imagen de portada |
| Electronic format type | image/jpeg |
| 942 ## - ADDED ENTRY ELEMENTS (KOHA) | |
| Koha item type | |
| Withdrawn status | Lost status | Damaged status | Not for loan | Home library | Current library | Shelving location | Date acquired | Total checkouts | Full call number | Barcode | Date last seen | Price effective from | Koha item type |
|---|---|---|---|---|---|---|---|---|---|---|---|---|---|
| Biblioteca Prof. Eusebio Cleto del Rey | Biblioteca Prof. Eusebio Cleto del Rey | 07/04/2026 | 331.5 A283 | L127399 | 07/04/2026 | 07/04/2026 | Libro |